[Event "RUS-ch Rapid Men 2018"]
[Site "Sochi"]
[Date "2018.10.06"]
[Round "8"]
[White "Oganian, Miran"]
[Black "Chigaev, Maksim"]
[Result "0-1"]
[WhiteElo "2435"]
[BlackElo "2599"]
[Annotator "TA"]
[PlyCount "164"]
[EventDate "2018.10.05"]
[EventType "swiss"]
[EventCountry "RUS"]
[SourceTitle "playchess.com"]
[Source "ChessBase"]
[SourceQuality "1"]

{[%evp 22,164,84,62,110,56,60,61,81,64,68,65,61,43,52,43,42,-35,-37,-59,0,0,-2,-74,-73,-85,-85,-85,-85,-85,-69,-85,-85,-85,-83,-83,-76,-75,-58,-85,-61,-85,-85,-85,-85,-85,-85,-92,-85,-85,-85,-91,-91,-115,-115,-129,-92,-92,-85,-179,0,-85,-85,-85,-79,-79,-79,-79,-75,-75,-75,-75,-75,-85,-75,-211,-222,-326,-92,-148,-145,-214,-92,-160,-92,-92,-92,-92,-92,-92,-93,-92,-43,-237,-110,-185,-92,-246,-92,-104,-114,-126,-92,-104,-91,-146,115,-21,-12,-19,-8,-280,-277,-269,-277,-313,-308,-297,-192,-296,-235,-342,-101,-500,-500,-486,-489,-443,-425,-504,-497,-583,-431,-463,-293,-750,-739,-712,-614,-640,-604,-699,-636,-1150,-1104]} 1. d4 Nf6 2. c4 g6 3. Nc3 Bg7 4. e4 d6 5. Nf3 O-O 6. Be2 Na6 7. O-O e5 8. Be3 c6 9. d5 Ng4 10. Bg5 f6 11. Bd2 c5 {E94: King's Indian: Classical: 6 Be2 e5 7 0-0: Various Black 7th moves} 12. Ne1 {LiveBook: 8 Games} (12. a3 Nh6 13. Rb1 Bd7 14. b4 b6 15. Bd3 Nf7 16. Qc2 Qe7 17. Rfe1 Bh6 18. Bxh6 Nxh6 19. Qc1 {0-1 (49) Smirnov,A (2452)-Chigaev,M (2593) Cheliabinsk 2018}) 12... h5 13. Nd3 $146 (13. Nf3 $16) ({Predecessor:} 13. h3 Nh6 14. Nd3 Nf7 15. a3 f5 16. f4 h4 17. Rc1 Bd7 18. Kh1 Qe7 19. Bf3 {½-½ (30) Lock,G (2228)-Cherniaev,A (2449) Coulsdon 2008}) 13... f5 $14 {White is slightly better.} 14. f3 Nf6 15. Rb1 f4 16. a3 g5 17. Nf2 Rf7 18. b4 b6 19. bxc5 ({White should play} 19. Kh1 $14) 19... Nxc5 $15 20. Na4 Bf8 (20... Nxa4 $15 21. Qxa4 Rc7) 21. Nxc5 $11 bxc5 22. g4 (22. Kh1 $11 {remains equal.}) 22... hxg4 $17 23. fxg4 Bd7 24. Bf3 Be8 25. Qc2 Nd7 26. Rb2 Nb6 27. Rfb1 Qc8 28. Qd3 Qa6 29. Be2 Rb8 30. Nd1 Rfb7 31. Kf2 Nd7 32. Rxb7 Rxb7 33. Rxb7 Qxb7 34. h3 Nf6 {And now ...Qh7 would win.} 35. Bf3 Be7 36. Ke2 Bd8 37. Qc2 Qa6 38. Qc3 Bg6 39. Nf2 Qa4 40. Kd3 (40. Kf1 $17) 40... Qa6 (40... Nd7 $1 $19 41. Bd1 Qa6) 41. Ke2 $1 Nd7 {White must now prevent ...Nb6.} 42. Ke1 Nb6 43. Be2 Qa4 $36 {[%mdl 2048] Keeping White busy.} 44. Qb2 Be8 45. Qc3 Qd7 46. Qb3 Qh7 47. Bf3 Qh4 48. Ke2 (48. Be2 $17 {was called for.}) 48... Ba4 $19 49. Qc3 (49. Qd3 $142) 49... Qh7 $2 (49... a6 $19 50. Kf1 Nxc4 $1 {[%mdl 512]}) 50. Bg2 (50. Ke1 $142) 50... Qb7 $1 $17 51. Nd3 (51. Kf3 $17) 51... Be8 (51... Qa6 $19 {and Black stays clearly on top.} 52. Nb2 Be8) 52. Nb2 (52. Qb3 $142) 52... Bg6 ({Black should try} 52... Na4 $1 {[%cal Ra4c3]} 53. Nxa4 Bxa4) 53. Qc2 Nd7 54. Nd1 Qa6 55. Qc3 Nb6 56. Nb2 Be8 57. Be1 $2 {[#]} (57. Qa5 $15 Qb7 58. Qc3) 57... Kf7 (57... Nxc4 $1 $19 {[%mdl 512]} 58. Nxc4 Bb5) 58. Bd2 {[#]} (58. Kd1 $17 {was worth a try.}) 58... Ke7 (58... Nxc4 $1 $19 {[%mdl 512] has better winning chances.} 59. Nxc4 Bb5) 59. Bf3 $2 {[#]} (59. Bf1 $17 {is a better defense.}) 59... Bg6 $2 (59... Nxc4 $1 $19 {[%mdl 512]} 60. Nxc4 Bb5) 60. Qa5 Qb7 61. Qc3 Be8 62. Nd3 Kf6 63. h4 (63. Kf2 $142) 63... gxh4 $2 {[%mdl 8192] [#]} (63... Kf7 $1 $17 {keeps the pressure on. Threatens to win with ...Qa6.} 64. h5 Qa6) 64. Bxf4 (64. Nxe5 $1 $16 {[%mdl 512]} Kg7 (64... dxe5 65. g5+) 65. Nd7+ (65. Bxf4 Na4 $11) 65... Kg8 66. Nf6+ Bxf6 67. Qxf6 Nxc4 68. Bxf4) 64... Na4 65. Bxe5+ Kf7 66. Qd2 $2 {[%mdl 8192]} (66. Qa1 $11 dxe5 67. Qxe5) 66... dxe5 $19 67. Qh6 Kg8 68. Qe6+ Qf7 69. Qxe5 Bf6 70. Qb8 (70. Qf5 {was necessary.}) 70... Bd4 71. Nf4 (71. Qd8 {is the only way for White.}) 71... Qe7 $2 (71... Nb6 $19 {is more deadly.} 72. Ne6 Nxc4) 72. g5 $2 {[%mdl 8192]} (72. Ng6 $17 {was the crucial defense.} Qd7 73. Nxh4) 72... Be5 73. Ng6 Bxb8 74. Nxe7+ Kf7 75. Nf5 h3 {[%cal Bh4h3,Bh3h2][%mdl 32]} 76. Kf2 Kf8 77. Bg4 Nc3 78. Ke3 $2 (78. Bxh3 Nxe4+ 79. Ke3 Nxg5 80. Bf1) 78... h2 {Black is clearly winning.} 79. Bf3 Be5 80. Kf2 {[#]} Bh5 $1 {[%mdl 512] ( -> ...Bxf3)} 81. Bg2 (81. Bxh5 h1=Q) 81... Bg6 82. d6 {[#]} Nxe4+ $1 {[%mdl 512] Precision: White = 24%, Black = 38%.} 0-1

[Event "RUS-ch Rapid Men 2018"]
[Site "Sochi"]
[Date "2018.10.06"]
[Round "8"]
[White "Sharafiev, Azat"]
[Black "Iljiushenok, Ilia"]
[Result "0-1"]
[WhiteElo "2432"]
[BlackElo "2539"]
[Annotator "ChessBase"]
[PlyCount "74"]
[EventDate "2018.10.05"]
[EventType "swiss"]
[EventCountry "RUS"]
[SourceTitle "playchess.com"]
[Source "ChessBase"]
[SourceQuality "1"]
[TimeControl "900+10"]

1. c4 {[%emt 0:00:00]} Nf6 {[%emt 0:00:00]} 2. Nc3 {[%emt 0:00:00]} g6 {[%emt 0:00:00]} 3. e4 {[%emt 0:00:07]} d6 {[%emt 0:00:00]} 4. d4 {[%emt 0:00:22]} Bg7 {[%emt 0:00:00]} 5. Nf3 {[%emt 0:00:03]} O-O {[%emt 0:00:00]} 6. Be2 {[%emt 0:00:01]} e5 {[%emt 0:00:00]} 7. O-O {[%emt 0:00:02]} Nc6 {[%emt 0:00:00]} 8. d5 {[%emt 0:00:22]} Ne7 {[%emt 0:00:01]} 9. Ne1 {[%emt 0:00:19]} Nd7 {[%emt 0:00:05]} 10. f3 {[%emt 0:00:06]} f5 {[%emt 0:00:02]} 11. g4 {[%emt 0:00:01]} Kh8 {[%emt 0:00:38]} 12. Be3 {[%emt 0:00:16]} Ng8 {[%emt 0:01:01]} 13. Nd3 {[%emt 0:00:51]} Bh6 {[%emt 0:00:24]} 14. Bf2 {[%emt 0:00:48]} Bg5 {[%emt 0:01:17]} 15. Qe1 {[%emt 0:01:46]} Rf7 {[%emt 0:00:12]} 16. h4 {[%emt 0:00:44]} Be7 {[%emt 0:00:01]} 17. Kg2 {[%emt 0:00:14]} fxg4 {[%emt 0:01:04]} 18. fxg4 {[%emt 0:00:03]} Rxf2+ {[%emt 0:00:03]} 19. Qxf2 {[%emt 0:01:01]} Bxh4 {[%emt 0:00:01]} 20. Qe3 {[%emt 0:00:22]} Bg5 {[%emt 0:00:49]} 21. Qg3 {[%emt 0:00:07]} Nh6 {[%emt 0:00:40]} 22. c5 {[%emt 0:00:26]} Nf6 {[%emt 0:00:12]} 23. cxd6 {[%emt 0:00:23]} cxd6 {[%emt 0:00:02]} 24. Nxe5 {[%emt 0:00:15]} dxe5 {[%emt 0:00:22]} 25. Qxe5 {[%emt 0:00:03]} Nf7 {[%emt 0:00:11]} 26. Qd4 {[%emt 0:00:07]} Qd6 {[%emt 0:00:46]} 27. Nb5 {[%emt 0:07:08]} Qe5 {[%emt 0:00:01]} 28. d6 {[%emt 0:01:31]} Bd7 {[%emt 0:00:39]} 29. Rad1 {[%emt 0:00:54]} Bxb5 {[%emt 0:00:24]} 30. Bxb5 {[%emt 0:00:55]} Qxb5 {[%emt 0:00:02]} 31. Rxf6 {[%emt 0:00:04]} Bxf6 {[%emt 0:00:01]} 32. Qxf6+ {[%emt 0:00:01]} Kg8 {[%emt 0:00:01]} 33. Rf1 {[%emt 0:00:08]} Qd7 {[%emt 0:00:38]} 34. e5 {[%emt 0:00:02]} Re8 {[%emt 0:00:03]} 35. Re1 {[%emt 0:00:16]} Qxg4+ {[%emt 0:00:01]} 36. Kh2 {[%emt 0:00:20]} Re6 {[%emt 0:00:42]} 37. Qf2 {[%emt 0:00:23]} Rxe5 {[%emt 0:00:03]} 0-1

[Event "RUS-ch Rapid Men 2018"]
[Site "Sochi"]
[Date "2018.10.06"]
[Round "8"]
[White "Savitskiy, Sergey"]
[Black "Derjabin, Ilja"]
[Result "1/2-1/2"]
[WhiteElo "2413"]
[BlackElo "2345"]
[Annotator "TA"]
[PlyCount "121"]
[EventDate "2018.10.05"]
[EventType "swiss"]
[EventCountry "RUS"]
[SourceTitle "playchess.com"]
[Source "ChessBase"]
[SourceQuality "1"]

{[%evp 13,121,51,56,35,89,80,49,46,60,47,83,49,97,79,94,106,102,106,104,72,182,191,189,121,127,50,41,39,38,51,45,0,0,-18,-19,-35,-8,-18,0,-63,92,88,84,86,90,66,78,46,46,50,92,93,88,28,39,0,0,0,52,50,1326,1326,1053,955,12789,12781,4132,2447,2032,1979,802,802,802,664,802,786,746,524,802,802,802,797,770,781,772,783,774,760,764,765,757,617,535,384,289,0,0,0,0,0,0,0,0,0,0,0,0,0,0,0]} 1. e4 e6 2. d4 d5 3. Nc3 Nf6 4. Bg5 Be7 5. e5 Ne4 6. Nxe4 dxe4 7. Bxe7 Qxe7 8. c3 {C14: French: Classical System: 4 Bg5 Be7 main line} c5 (8... Nd7 $14) 9. Qg4 $16 cxd4 10. Qxg7 {White is slightly better.} Rf8 11. Ne2 $1 {[%cal Re2d4]} Nc6 $1 12. O-O-O ({Don't play} 12. Qxh7 d3 $11) 12... Bd7 $146 ({Predecessor:} 12... Qc5 13. Nxd4 Bd7 14. Bb5 Qxe5 15. Qxe5 Nxe5 {½-½ (28) Lanka,Z (2498)-Schmidt,G (2374) Austria 2007}) 13. Nxd4 Nxd4 14. Rxd4 O-O-O 15. Be2 Rg8 16. Qh6 Rxg2 {[#]} (16... Bc6 $16) 17. Rhd1 $1 $18 Rgg8 18. Rxe4 (18. h4 $18) 18... Bc6 $16 19. Red4 (19. Rxd8+ $16 Qxd8 20. Rg4) 19... Rxd4 $14 20. Rxd4 Qg5+ $1 21. Qxg5 Rxg5 {[%mdl 4096] Endgame KRB-KRB} 22. f4 Rg1+ 23. Bd1 Rh1 24. Rd2 Rf1 {[%mdl 1024] Black has compensation.} (24... Bf3 $5) 25. Rd4 Rh1 26. Rd2 Be4 $2 {[#]} (26... Bf3 $1 $15 {keeps the upper hand.}) 27. Rf2 $1 $16 Kd7 28. Kd2 Ke7 29. b4 Rg1 30. a4 (30. Be2 {is more complex.} Rb1 31. Ke3 Bg6 32. Bf3 b6 33. Kd4) 30... b6 31. Bc2 (31. a5 {keeps more tension.} bxa5 32. bxa5 Bc6 33. c4 h6 34. Bb3) 31... Bxc2 32. Kxc2 $14 {KR-KR} h5 33. c4 (33. Kb3 $16) 33... h4 34. c5 bxc5 35. bxc5 {[%cal Bb4c5,Bc5c6][%mdl 32]} h3 (35... Kd7 $11) 36. Rd2 $1 a5 $2 {[%mdl 8192]} (36... Ra1 $14) 37. c6 $18 Rg2 38. Kc3 Rxd2 39. Kxd2 {KP-KP} Kd8 40. Ke3 Kc7 41. Kf3 Kxc6 42. Kg3 Kc5 43. Kxh3 Kb4 44. Kg4 Kxa4 {K3P-K3P} 45. h4 Kb4 {intending ...a4.} 46. h5 {Hoping for h6.} a4 47. h6 a3 48. h7 a2 49. h8=Q a1=Q {KQ-KQ} 50. Qf8+ Kc3 51. Qxf7 Qg1+ 52. Kh5 Qh2+ 53. Kg6 Qg3+ 54. Kf6 $2 ({White should try} 54. Kh7 $18) 54... Qxf4+ $11 {The position is equal.} 55. Kxe6 Qc4+ 56. Ke7 $1 {aiming for Qxc4+.} Qb4+ 57. Kd7 Qb5+ 58. Kd6 Qb6+ 59. Ke7 {Qf3+ is the strong threat.} Qb4+ 60. Ke6 {Threatens to win with Qf3+.} Qc4+ 61. Kf6 {Precision: White = 59%, Black = 46%.} 1/2-1/2

[Event "RUS-ch Rapid Men 2018"]
[Site "Sochi"]
[Date "2018.10.06"]
[Round "8"]
[White "Vastrukhin, Oleg"]
[Black "Dubov, Daniil"]
[Result "0-1"]
[WhiteElo "2413"]
[BlackElo "2703"]
[Annotator "TA"]
[PlyCount "88"]
[EventDate "2018.10.05"]
[EventType "swiss"]
[EventCountry "RUS"]
[SourceTitle "playchess.com"]
[Source "ChessBase"]
[SourceQuality "1"]

{[%evp 12,88,-16,-21,8,-4,12,22,7,14,10,-9,-3,-12,-16,-33,-9,-70,-59,-64,-70,-76,-62,-93,-85,-115,-95,-93,-95,-117,-88,-135,-139,-116,-128,-146,-41,-109,-107,-114,-58,-117,-117,-111,-121,-112,-122,-114,-112,-381,-354,-409,-396,-385,-341,-345,-341,-341,-337,-328,-321,-375,-306,-410,-402,-441,-410,-510,-496,-622,-396,-635,-633,-29979,-29980,-29980,-29981,-29981,-29982]} 1. g3 e5 2. Bg2 d5 3. c3 Nf6 4. d4 exd4 5. cxd4 c6 6. Nc3 Bd6 7. Nh3 {LiveBook: 3 Games. A17: English Opening: 1...Nf6 with ...Bb4} Na6 $146 ({Predecessor:} 7... O-O 8. O-O Re8 9. Nf4 Bf5 10. Re1 Nbd7 11. Nd3 Ne4 12. Bf4 Bxf4 13. Nxf4 Nxc3 14. bxc3 Nb6 {0-1 (47) Maghsoodloo,P (2572)-Hayrapetyan,H (2483) Yerevan 2018}) 8. O-O Nc7 9. f3 {The position is equal.} c5 10. Be3 b6 11. Qd2 O-O 12. Rfd1 Re8 13. Nf4 Bb7 14. Rac1 ({White should try} 14. Bf2 $11) 14... c4 $15 15. Bf2 b5 16. Re1 $1 a5 17. e4 dxe4 $1 18. Nxe4 Nxe4 19. fxe4 Bb4 20. Rc3 Bxc3 21. Qxc3 {[#]} f5 $1 {[%cal Rb7e4]} 22. d5 (22. exf5 Bxg2) 22... fxe4 $1 23. Bxe4 {[#]} Qd6 (23... Rxe4 $1 $17 {[%mdl 512]} 24. Rxe4 Nxd5) 24. Qc2 (24. a4 $1 $15) 24... g6 ({Much weaker is} 24... Bxd5 $6 25. Bxh7+ Kh8 26. Rd1 $11) 25. h4 Re7 (25... Rad8 $17 {[%cal Rc7d5]} 26. Qd2 {[#]} Ne6 $1 {[%mdl 512]} 27. Nxe6 Rxe6) 26. h5 (26. a4 $15) 26... Rae8 $17 {...g5 is the strong threat.} 27. hxg6 hxg6 28. Nxg6 {[#]} Rxe4 $1 {[%mdl 512]} 29. Rxe4 {And now Rg4 would win.} (29. Qxe4 Rxe4) 29... Qxg6 30. Rxe8+ $4 {[%mdl 8192]} (30. Rxc4 $17 Qxc2 31. Rxc2 Nxd5 32. Rc5) 30... Qxe8 $19 31. d6 Qh5 {[%csl Gb7][%cal Rh5h1]} 32. Kf1 Qh3+ 33. Ke1 {aiming for Qg6+.} Qe6+ 34. Qe2 Qxd6 35. Qg4+ Kf8 36. Be3 Qe6 37. Qf4+ Ke8 38. Kd2 Kd7 39. Bd4 b4 40. Qg5 Nd5 {Hoping for ...Qe4.} 41. Qg7+ $2 (41. g4) 41... Kc6 42. Qf8 {[#]} c3+ $1 {Black mates.} 43. bxc3 bxc3+ 44. Bxc3 Qe3+ {Precision: White = 36%, Black = 61%.} 0-1

[Event "RUS-ch Rapid Men 2018"]
[Site "Sochi"]
[Date "2018.10.06"]
[Round "8"]
[White "Ofitserian, Boris"]
[Black "Demidov, Mikhail"]
[Result "0-1"]
[WhiteElo "2411"]
[BlackElo "2514"]
[Annotator "TA"]
[PlyCount "136"]
[EventDate "2018.10.05"]
[EventType "swiss"]
[EventCountry "RUS"]
[SourceTitle "playchess.com"]
[Source "ChessBase"]
[SourceQuality "1"]

{[%evp 9,136,12,0,0,0,3,20,12,8,8,9,13,11,18,14,14,29,4,4,4,4,7,-1,-16,0,0,0,-6,0,-18,13,3,8,0,5,0,5,5,12,0,15,0,0,0,0,0,0,-7,0,-16,-7,-14,-8,-14,-8,-14,-14,-14,-14,-29,-14,-25,-14,-14,-14,-29,-29,-36,-37,-44,0,-37,-18,-43,0,-37,-12,-37,-37,-54,-35,-37,16,11,20,11,29,-43,0,0,20,-6,-2,-2,0,0,0,0,0,0,-5,-51,-42,-42,-9,-29,-15,-8,-11,-8,-5,-20,-4,-25,0,0,0,0,0,0,0,0,0,-352,-309,-260,-171,-2363,-1981]} 1. c4 e5 2. d3 Bb4+ 3. Nd2 Nf6 4. a3 (4. Ngf3 Nc6 5. a3 Bxd2+ 6. Qxd2 d5 7. cxd5 Qxd5 8. e4 Qd6 9. h3 a5 10. Be2 Nd7 {½-½ (45) Topalov,V (2761)-Giri,A (2769) Saint Louis 2016}) 4... Be7 $146 ({Predecessor:} 4... Bxd2+ 5. Bxd2 d6 6. Bg5 Nbd7 7. e3 h6 8. Bh4 Nf8 9. Ne2 Ng6 10. Bg3 O-O {½-½ (102) Zhou,J (2584)-Xiu,D (2566) Kuala Lumpur 2013}) 5. Ngf3 d6 6. b4 {A20: English Opening: 1...e5} O-O 7. Bb2 Re8 8. e3 {The position is equal.} Nbd7 9. Be2 b6 10. O-O Bb7 11. Qc2 Bf8 12. Rfd1 c5 13. Ne4 Nxe4 14. dxe4 cxb4 15. axb4 a5 16. Bc3 Qc7 17. Nd2 axb4 18. Bxb4 Nc5 19. Bxc5 Qxc5 20. Rab1 Reb8 21. Rb5 Qc7 22. Rdb1 Bc6 23. R5b2 g6 24. h3 Be7 25. Qc3 Bd7 26. Bg4 Be8 27. Qd3 Ra5 28. Bd1 Qa7 29. Rb3 h5 30. Be2 Ba4 {[%cal Be8a4,Ba4d7,Bd7e6][%mdl 32]} 31. R3b2 Bd7 32. Qc3 Be6 33. Rb3 Bd8 34. Kh2 Rc8 35. Qb4 Qe7 36. R3b2 Rca8 37. Bd1 Kg7 38. Bb3 Qc7 39. Bd1 Qe7 40. Be2 {[%cal Bd1e2,Be2d3,Bd3c2][%mdl 32]} Ra4 41. Qc3 Kg8 42. Bd3 Qa7 43. Bc2 Ra3 44. Qb4 Qd7 45. Bb3 g5 (45... R3a5 $15) 46. Rd1 $11 Ra1 47. Nb1 Bc7 48. Rbd2 ({Better is} 48. Qe1 $11) 48... Qc6 49. Nc3 Rxd1 (49... Qc5 {feels hotter.} 50. Nd5 Qxb4 51. Nxb4 h4 52. Nd5 Bd8) 50. Rxd1 (50. Bxd1 {looks sharper.} Qxc4 51. Qxc4 Bxc4 52. Bxh5 b5 53. Be2) 50... Qc5 51. Qxc5 dxc5 52. Nb5 Bd8 53. f3 Kf8 54. Kg3 Ke7 55. f4 exf4+ 56. exf4 h4+ 57. Kf3 gxf4 58. Kxf4 Ra5 59. Rb1 Kf6 60. e5+ Kg6 61. Bc2+ Kh6 {[#] ...Ra2 is the strong threat.} 62. Nd6 Ra2 63. Be4 Ra3 {[%csl Gh6][%cal Rd8g5]} 64. Nf5+ Kh5 {[%csl Gh5][%cal Rd8g5]} 65. Ng7+ Kh6 {[%csl Gh6][%cal Rd8g5] [#]} 66. Nxe6 $4 {[%mdl 8192]} (66. Nf5+ $1 $11 Kh5 67. Ng7+ Kh6 68. Nf5+ (68. Nxe6 $2 fxe6 69. Bf3 Bg5+ 70. Kg4 Rc3 $19)) 66... fxe6 $19 67. Bf3 Rc3 {Hoping for ...Bg5+.} 68. Rd1 $2 (68. Re1) 68... Bg5+ {Precision: White = 44%, Black = 47%.} 0-1

[Event "RUS-ch Rapid Men 2018"]
[Site "Sochi"]
[Date "2018.10.06"]
[Round "8"]
[White "Dzhumagaliev, Yan"]
[Black "Grachev, Boris"]
[Result "0-1"]
[WhiteElo "2410"]
[BlackElo "2626"]
[Annotator "TA"]
[PlyCount "108"]
[EventDate "2018.10.05"]
[EventType "swiss"]
[EventCountry "RUS"]
[SourceTitle "playchess.com"]
[Source "ChessBase"]
[SourceQuality "1"]

{[%evp 14,108,18,13,45,56,46,50,32,47,46,30,38,36,45,10,21,17,27,27,28,29,40,15,18,12,15,14,16,14,28,14,26,8,14,0,7,5,34,31,33,-31,0,0,0,-6,0,-28,0,0,0,0,735,-104,-102,-99,-82,-100,-71,-89,-68,-81,-76,-91,-76,-88,-79,-120,-112,-123,-114,-121,-16,-16,-16,-1192,-1162,-12825,-10693,-5081,-1298,-12839,-12839,-12840,-12840,-12840,-12840,-12842,-12842,-12843,-12842,-12842,-12843,-12843,-12843,-12844,-12844]} 1. d4 d5 2. c4 e6 3. Nf3 Nf6 4. g3 dxc4 5. Bg2 Bd7 {[%cal Bc8d7,Bd7c6,Bc6d5][%mdl 32]} 6. Qc2 Bc6 7. Qxc4 Bd5 8. Qa4+ {LiveBook: 30 Games} Nc6 {E02: Open Catalan: 5 Qa4+} (8... Qd7 9. Qxd7+ Nbxd7 10. Nc3 Bb4 11. Bd2 Bxc3 12. Bxc3 Ne4 13. O-O Nxc3 14. bxc3 c5 15. Nd2 Bxg2 16. Kxg2 {½-½ (77) Vaibhav,S (2524)-Istratescu,A (2667) Metz 2014}) 9. Nc3 Bb4 10. O-O Bxc3 $146 {White is slightly better.} ({Predecessor:} 10... O-O 11. Bg5 h6 12. Nxd5 exd5 13. Bxf6 Qxf6 14. Qb5 a5 15. e3 Ne7 16. a3 {0-1 (62) Al Zaruoni,F (1654)-Derakhshani,B (1979) Al Ain 2014}) 11. bxc3 O-O 12. Re1 a6 13. Bg5 {aiming for e4!} Be4 $1 14. Nh4 Bxg2 15. Nxg2 h6 16. Bxf6 Qxf6 17. Qc4 e5 {[%cal Re5d4]} 18. Rad1 Rfd8 {[%cal Re5d4]} 19. d5 Ne7 20. e4 c6 21. Ne3 Rac8 {White should prevent ...cxd5.} 22. Qb4 {d6 is the strong threat.} cxd5 23. exd5 Qd6 24. Qe4 ({But not} 24. Qxb7 $2 Rb8 $19) 24... b5 25. c4 f6 26. cxb5 axb5 27. f4 (27. Re2 $14) 27... Ra8 28. fxe5 fxe5 29. Ng4 Qc5+ 30. Qe3 (30. Ne3 {keeps more tension.} Qd6) 30... Rxd5 (30... Qxe3+ {with more complications.} 31. Nxe3 Rxa2 32. Rb1 b4 33. Rxb4 Nxd5 34. Rd1 Nxb4 35. Rxd8+ Kf7) 31. Rxd5 Qxd5 32. Qxe5 Rxa2 $2 {[%mdl 8192]} (32... Qxe5 $11 33. Rxe5 Kf7) 33. Qe6+ $2 (33. Qb8+ $1 $18 Kh7 {[#]} 34. Nf6+ $1 {[%mdl 512]} gxf6 35. Rxe7+ Kg6 36. Qe8+ Kg5 37. Rg7+ Kf5 38. Qh5+ Ke6 39. Re7+ $1 {[%mdl 512]} Kxe7 40. Qxd5) 33... Qxe6 $17 34. Rxe6 {[%mdl 4096] Endgame KRN-KRN} Nd5 35. Rd6 Nc3 36. Rb6 Rb2 37. Ne5 Nd5 38. Rb8+ Kh7 39. h4 h5 40. Nf7 Kg6 41. Nd6 b4 42. Rb5 Rd2 ({Better is} 42... Nc3 $17 43. Rb7 b3) 43. Nc4 $11 Rd4 {Strongly threatening ...Kf6.} 44. Nb6 $2 {[%mdl 8192]} (44. Ne5+ $11 Kf6 45. Nc6) 44... Nxb6 $19 {Black is clearly winning.} 45. Rxb6+ {KR-KR} Kf5 46. Kg2 g6 (46... Ke4 $142 47. Kg1 Kd3) 47. Rb5+ Ke4 48. Rb6 Kd3 49. Kf3 Rg4 50. Re6 b3 51. Re3+ Kc4 52. Re2 Kc3 53. Re3+ Kb4 54. Re2 Ka3 {Precision: White = 38%, Black = 46%.} 0-1

[Event "RUS-ch Rapid Men 2018"]
[Site "Sochi"]
[Date "2018.10.06"]
[Round "8"]
[White "Gogolev, Artem"]
[Black "Panarin, Mikhail"]
[Result "1/2-1/2"]
[WhiteElo "2389"]
[BlackElo "2562"]
[Annotator "ChessBase"]
[PlyCount "46"]
[EventDate "2018.10.05"]
[EventType "swiss"]
[EventCountry "RUS"]
[SourceTitle "playchess.com"]
[Source "ChessBase"]
[SourceQuality "1"]
[TimeControl "900+10"]

1. Nf3 {[%emt 0:00:00]} c5 {[%emt 0:00:00]} 2. c4 {[%emt 0:00:00]} Nc6 {[%emt 0:00:00]} 3. d4 {[%emt 0:00:02]} cxd4 {[%emt 0:00:00]} 4. Nxd4 {[%emt 0:00:02]} Nf6 {[%emt 0:00:05]} 5. Nc3 {[%emt 0:00:03]} e6 {[%emt 0:00:04]} 6. a3 {[%emt 0:00:10]} Be7 {[%emt 0:00:05]} 7. Bf4 {[%emt 0:00:58]} O-O {[%emt 0:02:14]} 8. e3 {[%emt 0:00:21]} d5 {[%emt 0:00:34]} 9. cxd5 {[%emt 0:00:07]} Nxd5 {[%emt 0:00:23]} 10. Nxc6 {[%emt 0:01:32]} bxc6 {[%emt 0:00:01]} 11. Qc2 {[%emt 0:00:11]} Nxc3 {[%emt 0:03:09]} 12. Qxc3 {[%emt 0:00:13]} Bf6 {[%emt 0:00:01]} 13. Be5 {[%emt 0:01:31]} Bxe5 {[%emt 0:00:04]} 14. Qxe5 {[%emt 0:00:02]} Qb6 {[%emt 0:00:32]} 15. Bc4 {[%emt 0:01:23]} Rb8 {[%emt 0:01:11]} 16. b4 {[%emt 0:01:03]} Ba6 {[%emt 0:00:01]} 17. Rc1 {[%emt 0:00:12]} c5 {[%emt 0:00:25]} 18. O-O {[%emt 0:00:30]} cxb4 {[%emt 0:00:19]} 19. axb4 {[%emt 0:00:25]} Rfd8 {[%emt 0:00:56]} 20. Bxa6 {[%emt 0:00:21]} Qxa6 {[%emt 0:00:00]} 21. Rfd1 {[%emt 0:03:08]} h6 {[%emt 0:01:08]} 22. Rxd8+ {[%emt 0:00:46]} Rxd8 {[%emt 0:00:01]} 23. h3 {[%emt 0:00:03]} Qb6 {[%emt 0:00:31]} 1/2-1/2

[Event "RUS-ch Rapid Men 2018"]
[Site "Sochi"]
[Date "2018.10.06"]
[Round "8"]
[White "Slavin, Alexey"]
[Black "Potapov, Pavel"]
[Result "1/2-1/2"]
[WhiteElo "2364"]
[BlackElo "2515"]
[Annotator "ChessBase"]
[PlyCount "66"]
[EventDate "2018.10.05"]
[EventType "swiss"]
[EventCountry "RUS"]
[SourceTitle "playchess.com"]
[Source "ChessBase"]
[SourceQuality "1"]
[TimeControl "900+10"]

1. d4 {[%emt 0:00:06]} f5 2. Bg5 {[%emt 0:00:17]} h6 {[%emt 0:00:00]} 3. Bh4 {[%emt 0:00:16]} g5 {[%emt 0:00:00]} 4. Bg3 {[%emt 0:00:13]} Nf6 {[%emt 0:00:01]} 5. e3 {[%emt 0:00:25]} Bg7 {[%emt 0:00:28]} 6. c4 {[%emt 0:00:23]} d6 {[%emt 0:00:07]} 7. Nc3 {[%emt 0:00:11]} O-O {[%emt 0:00:10]} 8. h4 {[%emt 0:00:27]} g4 {[%emt 0:00:18]} 9. Bd3 {[%emt 0:00:16]} Nc6 {[%emt 0:00:14]} 10. d5 {[%emt 0:00:30]} Ne5 {[%emt 0:00:08]} 11. Nge2 {[%emt 0:01:32]} Nh5 {[%emt 0:01:10]} 12. Bxe5 {[%emt 0:04:20]} dxe5 {[%emt 0:00:09]} 13. Qb3 {[%emt 0:00:11]} Kh8 {[%emt 0:01:25]} 14. O-O-O {[%emt 0:00:07]} e4 {[%emt 0:00:28]} 15. Bc2 {[%emt 0:00:38]} a6 {[%emt 0:00:02]} 16. c5 {[%emt 0:00:48]} b6 {[%emt 0:00:37]} 17. Nd4 {[%emt 0:01:09]} bxc5 {[%emt 0:00:10]} 18. Ne6 {[%emt 0:00:06]} Bxe6 {[%emt 0:00:32]} 19. dxe6 {[%emt 0:00:01]} Qe8 {[%emt 0:00:04]} 20. Rd7 {[%emt 0:00:26]} g3 {[%emt 0:00:39]} 21. fxg3 {[%emt 0:00:55]} Nxg3 {[%emt 0:00:55]} 22. Rhd1 {[%emt 0:00:08]} Rb8 {[%emt 0:00:38]} 23. Qc4 {[%emt 0:00:20]} Bf6 {[%emt 0:01:09]} 24. Bb3 {[%emt 0:00:11]} c6 {[%emt 0:00:31]} 25. Qxc5 {[%emt 0:00:43]} Qh5 {[%emt 0:01:27]} 26. Rxe7 {[%emt 0:00:37]} Ne2+ {[%emt 0:00:18]} 27. Nxe2 {[%emt 0:01:47]} Qxe2 {[%emt 0:00:03]} 28. Rd2 {[%emt 0:00:17]} Qe1+ {[%emt 0:00:59]} 29. Kc2 {[%emt 0:00:19]} Bxb2 {[%emt 0:03:07]} 30. Rd1 {[%emt 0:01:02]} Qe2+ {[%emt 0:00:01]} 31. Rd2 {[%emt 0:00:11]} Qe1 {[%emt 0:00:04]} 32. Rd1 {[%emt 0:00:15]} Qe2+ {[%emt 0:00:02]} 33. Rd2 {[%emt 0:00:24]} Qe1 {[%emt 0:00:02]} 1/2-1/2